000 00606nam a22001937a 4500
999 _c58408
_d58408
005 20221108161111.0
008 220121s2018 enk||||| |||| 00| 0 eng d
020 _a9781138678149 X
041 _aeng
080 _a159.923 O-10
100 _aO'Connor, Anne
_913414
245 _aUnderstanding Transitions in the Early Years :
_bSupporting Change through Attachment and Resilience /
_cAnne O'Connor.
250 _aSecond edition
264 _aLondon :
_bRoutledge,
_c2018.
300 _a166 p.
_b24 cm.
653 _aფსიქოლოგია
653 _aПсохология
942 _2udc
_cBK